Исследование температурного поля пневматического молотка; Ч. 3; Температурное поле поверхности; Известия Томского политехнического университета [Известия ТПУ]; Т. 314, № 2: Математика и механика. Физика

গ্রন্থ-পঞ্জীর বিবরন
Parent link:Известия Томского политехнического университета [Известия ТПУ]/ Томский политехнический университет (ТПУ).— , 2000-
Т. 314, № 2: Математика и механика. Физика.— 2009.— [С. 108-111]
প্রধান লেখক: Глазов А. Н. Алкон Наумович
সংক্ষিপ্ত:Заглавие с титульного листа
Электронная версия печатной публикации
По результатам экспериментальных исследований построены графики распределения температуры по образующей корпуса для определенных моментов времени при резании стальной полосы и плиты, чугунной плиты. Представлен пример картины температурного поля поверхности пневматического молотка М-6. На основе полученного материала проведен анализ теплового состояния молотка.
ভাষা:রুশ
প্রকাশিত: 2009
মালা:Математика и механика. Физика
বিষয়গুলি:
অনলাইন ব্যবহার করুন:http://www.lib.tpu.ru/fulltext/v/Bulletin_TPU/2009/v314/i2/24.pdf
বিন্যাস: বৈদ্যুতিক গ্রন্থের অধ্যায়
KOHA link:https://koha.lib.tpu.ru/cgi-bin/koha/opac-detail.pl?biblionumber=174377

MARC

LEADER 00000nla2a2200000 4500
001 174377
005 20231031164644.0
035 |a (RuTPU)RU\TPU\book\189092 
035 |a RU\TPU\book\189081 
090 |a 174377 
100 |a 20100126d2009 k y0rusy50 ca 
101 0 |a rus 
102 |a RU 
135 |a drnn ---uucaa 
181 0 |a i  
182 0 |a b 
200 1 |a Исследование температурного поля пневматического молотка  |b Электронный ресурс  |h Ч. 3  |i Температурное поле поверхности  |f А. Н. Глазов 
203 |a Текст  |c электронный 
215 |a 1 файл (879 Кб) 
225 1 |a Математика и механика. Физика 
230 |a Электронные текстовые данные (1 файл : 879 Кб) 
300 |a Заглавие с титульного листа 
300 |a Электронная версия печатной публикации 
320 |a [Библиогр.: с. 111 (4 назв.)] 
330 |a По результатам экспериментальных исследований построены графики распределения температуры по образующей корпуса для определенных моментов времени при резании стальной полосы и плиты, чугунной плиты. Представлен пример картины температурного поля поверхности пневматического молотка М-6. На основе полученного материала проведен анализ теплового состояния молотка. 
337 |a Adobe Reader 
461 1 |0 (RuTPU)RU\TPU\book\176237  |t Известия Томского политехнического университета [Известия ТПУ]  |f Томский политехнический университет (ТПУ)  |d 2000- 
463 1 |0 (RuTPU)RU\TPU\book\188988  |x 1684-8519  |t Т. 314, № 2: Математика и механика. Физика  |v [С. 108-111]  |d 2009  |p 187 с. 
610 1 |a пневматические молотки 
610 1 |a экспериментальные исследования 
610 1 |a термопары 
610 1 |a температурные поля 
610 1 |a поверхности 
610 1 |a резание 
610 1 |a чугун 
610 1 |a стали 
610 1 |a труды учёных ТПУ 
610 1 |a электронный ресурс 
700 1 |a Глазов  |b А. Н.  |c российский специалист в области горного машиностроения  |c доцент Томского политехнического университета, кандидат технических наук  |f 1941-  |g Алкон Наумович  |2 stltpush  |3 (RuTPU)RU\TPU\pers\25459 
801 1 |a RU  |b 63413507  |c 20090623  |g PSBO 
801 2 |a RU  |b 63413507  |c 20211210  |g PSBO 
856 4 |u http://www.lib.tpu.ru/fulltext/v/Bulletin_TPU/2009/v314/i2/24.pdf 
942 |c CF